| 000 | 01050nac a22002531u 4500 | ||
|---|---|---|---|
| 010 | _a 2003049729 | ||
| 020 | _a047143051X (cloth) | ||
| 082 | 0 | 0 |
_a332.6322 _bWIL |
| 090 |
_c6565 _d6565 |
||
| 100 | _aWilliams, Larry R. | ||
| 245 | 1 | 4 |
_aThe right stock at the right time : _bprospering in the coming good years / _cLarry Williams. |
| 260 |
_aHoboken, N.J. : _bWiley,2003 _cc2003. |
||
| 300 |
_axi, 223 p. : _bill. ; _c24 cm. |
||
| 500 | _aIncludes index. | ||
| 500 | _adistributer: Al-Ahram | ||
| 511 | _acatalogued by: wessam | ||
| 650 | 0 | _aStocks. | |
| 650 | 0 | _aInvestments. | |
| 856 | 4 | 2 |
_3Contributor biographical information _uhttp://www.loc.gov/catdir/bios/wiley046/2003049729.html |
| 856 | 4 | 2 |
_3Publisher description _uhttp://www.loc.gov/catdir/description/wiley039/2003049729.html |
| 856 | 4 | 2 |
_3Table of contents _uhttp://www.loc.gov/catdir/toc/wiley032/2003049729.html |
| 942 |
_cBB _k332.6322WIL |
||
| 999 |
_c6565 _d6565 |
||